| Tag |
First Indicator |
Second Indicator |
Subfields |
| LEADER |
00000cam a2200000 a 4500 |
| 001 |
in00000001441 |
| 005 |
20151007050434.0 |
| 008 |
980923s1998 nyuab b f000 0 eng d |
| 035 |
|
|
|a (OCoLC)39916460
|
| 035 |
|
|
|9 AJB5299AM
|
| 040 |
|
|
|a DGPO
|c DGPO
|d DLC
|d MvI
|d UtOrBLW
|
| 043 |
|
|
|a n-us-ny
|
| 049 |
|
|
|a UDOC
|
| 074 |
|
|
|a 0624-B
|
| 086 |
0 |
|
|a I 19.42/4:96-4255
|
| 245 |
0 |
0 |
|a Hydrology, water-quality, and simulation of ground-water flow in a glacial aquifer system, Cortland County, New York /
|c by Todd S. Miller [and others] ; prepared in cooperation with the Cortland County Department of Health and Cortland County Department of Planning.
|
| 246 |
1 |
|
|i Cover title:
|a Hydrogeology, water quality, and simulation of ground-water flow in a glacial aquifer system, Cortland County, New York
|
| 264 |
|
1 |
|a Ithaca, N.Y. :
|b U.S. Dept. of the Interior, U.S. Geological Survey ;
|c 1998.
|
| 264 |
|
2 |
|a Denver, CO :
|b U.S. Geological Survey, Branch of Information Services [distributor],
|
| 300 |
|
|
|a vi, 84 pages :
|b illustrations, maps ;
|c 28 cm. +
|e 5 maps on folded sheets in envelope
|
| 336 |
|
|
|a text
|b txt
|2 rdacontent
|
| 337 |
|
|
|a unmediated
|b n
|2 rdamedia
|
| 338 |
|
|
|a volume
|b nc
|2 rdacarrier
|
| 490 |
1 |
|
|a Water-resources investigations report ;
|v 96-4255
|
| 500 |
|
|
|a Shipping list number: 98-0367-P.
|
| 504 |
|
|
|a Includes bibliographical references (pages 64-66).
|
| 650 |
|
0 |
|a Municipal water supply
|z New York (State)
|z Cortland County.
|
| 650 |
|
0 |
|a Groundwater flow
|z New York (State)
|z Cortland County.
|
| 650 |
|
0 |
|a Water quality
|z New York (State)
|z Cortland County.
|
| 650 |
|
0 |
|a Aquifers
|z New York (State)
|z Cortland County.
|
| 700 |
1 |
|
|a Miller, Todd S.
|
| 710 |
1 |
|
|a Cortland County (N.Y.).
|b Department of Health.
|
| 710 |
1 |
|
|a Cortland County (N.Y.).
|b Planning Department.
|
| 710 |
2 |
|
|a Geological Survey (U.S.)
|
| 830 |
|
0 |
|a Water-resources investigations report ;
|v 96-4255.
|
| 999 |
|
|
|a MARS
|
| 999 |
f |
f |
|s fddb244b-877a-3765-9182-2b7b329c88ed
|i 58ef225f-3533-39a0-853a-9c1338da3993
|t 0
|
| 952 |
f |
f |
|p normal
|a Texas A&M University
|b College Station
|c Sterling C. Evans Library
|d Evans: US Documents (Annex 5th floor)
|t 0
|e I 19.42/4:96-4255
|h Superintendent of Documents classification
|i unmediated -- volume
|m A14824410761
|
| 998 |
f |
f |
|a I 19.42/4:96-4255
|t 0
|l Evans: US Documents (Annex 5th floor)
|